Statistics for Countries that Trade the most with Texas

Click here to take the quiz!

General Stats

  • This quiz has been taken 45 times
  • The average score is 18 of 23

Answer Stats

Exports Imports Countries % Correct
97,27389,833Mexico
100%
3,181France
100%
9,9255,218Brazil
100%
4,0217,010Germany
100%
5,7654,074United Kingdom
98%
22,77918,275Canada
98%
3,567Italy
95%
16,28442,699China
95%
3,753Colombia
90%
8,8796,432Japan
88%
7,208Netherlands
86%
9,7879,076South Korea
83%
3,3863,374India
76%
4,729Venezuela
76%
4,682Taiwan
74%
2,972Chile
69%
3,647Belgium
60%
5,819Singapore
55%
7,302Saudi Arabia
55%
4,191Thailand
55%
5,601Malaysia
52%
4,930Vietnam
52%
4,568Iraq
21%

Score Distribution

Percentile by Number Answered

Percent of People with Each Score

Your Score History

You have not taken this quiz